Curso teorico practico investigacion y conservacion de aves rapaces en Colombia (Registro nro. 7852)

Detalles MARC
000 -CABECERA
Campo de control 00903nam a22002177a 4500
005 - FECHA Y HORA DE LA ULTIMA TRANSACCION
Campo de control 20150130153722.0
008 - ELEMENTOS DE LONGITUD FIJA—INFORMACION GENERAL
Campo de control 131118b2009 ck ||||| |||| 00| 0 spa d
040 ## - FUENTE DE CATALOGACIÓN
Agencia catalogadora original CO-BoIAVH
Agencia transcriptora CO-BoIAVH
041 ## - IDIOMA
Código de idioma para texto/pista de sonido o título separado Español
044 ## - PAÍS DE PUBLICACIÓN
País de publicación Colombia
090 ## - CLASIFICACIÓN LOCAL
Colección IAVH
Consecutivo 01534
100 ## - ASIENTO PRINCIPAL--NOMBRE PERSONAL
Nombre personal Marquez- Cesar
245 ## - MENCION DE TITULO
Título Curso teorico practico investigacion y conservacion de aves rapaces en Colombia
260 ## - PUBLICACION, DISTRIBUCION, ETC. (PIE DE IMPRENTA)
Lugar de publicación, distribución, etc. Bogota
Nombre del editor, distribuidor, etc. Instituto de Investigación de Recursos Biológicos Alexander von Humboldt
Fecha de publicación, distribución, etc. 2009
300 ## - DESCRIPCION FISICA
Extensión 85 p.
Otros detalles físicos il.
Dimensiones 27 cm
520 ## - NOTA DE RESUMEN, ETC.
Nota de resumen Curso dirigido a funcionarios encargados de los centros de atencion y valoracion y centros de rehabilitacion de fauna y responsables del recurso fauna de las corporaciones autonamas de Santander,Tolima, Guavio, Boyaca, Cundinamarca.
650 ## - ASIENTO SECUNDARIO DE MATERIA - TERMINO TEMATICO
Término temático o nombre geográfico como elemento de entrada Conservacion
650 ## - ASIENTO SECUNDARIO DE MATERIA - TERMINO TEMATICO
Término temático o nombre geográfico como elemento de entrada Aves rapaces
700 ## - ASIENTO SECUNDARIO - NOMBRE PERSONAL
Nombre personal Soler Tovar-Diego
942 ## - ELEMENTOS ADICIONALES (KOHA)
Sistema de clasificación Local
Tipo de ítem Informe Técnico
Existencias
Withdrawn status Lost status Sistema de Clasificación Damaged status No para préstamo Colección Inventariado Ubicación Permanente Ubicación actual Fecha de adquisición Total Checkouts Número topográfico Inventario / Código de Barras Date last seen Ejemplar Price effective from Forma de adquisición Tipo de material
    Local     Humboldt Inventariado 2017 Bogotá Bogotá 18/11/2013   IAVH-01534 059323 09/08/2024 Ej. 1 18/11/2013   Informe Técnico